Our Quaid : (Record no. 217045)
[ view plain ]
| 000 -LEADER | |
|---|---|
| fixed length control field | 00889 a2200217 4500 |
| 003 - CONTROL NUMBER IDENTIFIER | |
| control field | Nust |
| 005 - DATE AND TIME OF LATEST TRANSACTION | |
| control field | 20230206113928.0 |
| 010 ## - LIBRARY OF CONGRESS CONTROL NUMBER | |
| LC control number | 2014323739 |
| 020 ## - INTERNATIONAL STANDARD BOOK NUMBER | |
| International Standard Book Number | 9789698535186 |
| 040 ## - CATALOGING SOURCE | |
| Transcribing agency | Nust |
| 082 ## - DEWEY DECIMAL CLASSIFICATION NUMBER | |
| Classification number | 954.9042,BAZ |
| 100 1# - MAIN ENTRY--PERSONAL NAME | |
| Personal name | Bazmi, Aslam, |
| 9 (RLIN) | 6707 |
| 245 10 - TITLE STATEMENT | |
| Title | Our Quaid : |
| Remainder of title | as remembered and reported / |
| Statement of responsibility, etc. | Aslam Bazmi. |
| 260 ## - PUBLICATION, DISTRIBUTION, ETC. | |
| Place of publication, distribution, etc. | Islamabad |
| Name of publisher, distributor, etc. | NUST |
| Date of publication, distribution, etc. | 2014 |
| 300 ## - PHYSICAL DESCRIPTION | |
| Extent | xiv, 166 pages ; |
| Dimensions | 23 cm |
| 505 ## - FORMATTED CONTENTS NOTE | |
| Formatted contents note | Hard work and Diligence (Page-1), Commitment to Principles (Page-11), Character and Credibility (Page-29), Value of Discipline (Page-45), Frugality and Thriftiness (Page-65), Advice to student (Page-91), Foreign Policy Outlook (Page-105), Advice to Civil Servants (Page-107), |
| 600 10 - SUBJECT ADDED ENTRY--PERSONAL NAME | |
| Personal name | Jinnah, Mahomed Ali, |
| Dates associated with a name | 1876-1948. |
| 651 ## - SUBJECT ADDED ENTRY--GEOGRAPHIC NAME | |
| Geographic name | Our Quaid |
| 9 (RLIN) | 108646 |
| 710 2# - ADDED ENTRY--CORPORATE NAME | |
| Corporate name or jurisdiction name as entry element | National University of Sciences and Technology (Islamabad, Pakistan) |
| 9 (RLIN) | 4252 |
| 942 ## - ADDED ENTRY ELEMENTS (KOHA) | |
| Source of classification or shelving scheme | |
| Koha item type | Book |
| Withdrawn status | Lost status | Source of classification or shelving scheme | Damaged status | Not for loan | Permanent Location | Current Location | Shelving location | Date acquired | Full call number | Barcode | Date last seen | Price effective from | Koha item type | Public note | Shelving control number |
|---|---|---|---|---|---|---|---|---|---|---|---|---|---|---|---|
| Military College of Signals (MCS) | Military College of Signals (MCS) | General Stacks | 12/12/2016 | 954.9042,BAZ | MCS37312 | 12/08/2016 | 12/12/2016 | Book | Almirah No.75, Shelf No.7 | ||||||
| Military College of Signals (MCS) | Military College of Signals (MCS) | General Stacks | 12/12/2016 | 954.9042,BAZ | MCS37313 | 12/08/2016 | 12/12/2016 | Book | Almirah No.62, Shelf No.1 | Pakistan History |
